Guess the demonym - Statistics

General Stats
  • This quiz has been taken 17 times
  • The average score is 89 of 208
Answer Stats
Country Answer % Correct
Afghanistan Afghan
93%
Albania Albanian
93%
Algeria Algerian
93%
Andorra Andorran
93%
Angola Angolan
93%
Armenia Armenian
93%
Austria Austrian
93%
Argentina Argentinian
87%
Australia Australian/Aussie
87%
Antigua and Barbuda Antiguan/Barbudan
80%
Belarus Belarusian
80%
Bolivia Bolivian
80%
Bosnia and Herzegovina Bosnian/Herzegovinian
73%
Bulgaria Bulgarian
73%
Netherlands Dutch
73%
Bangladesh Bangladeshi
67%
Belgium Belgian
67%
Brazil Brazilian
67%
Ireland Irish
67%
Bhutan Bhutanese
60%
Cambodia Cambodian
60%
Canada Canadian
60%
China Chinese
60%
Colombia Colombian
60%
Croatia Croatian
60%
Cuba Cuban
60%
Denmark Danish
60%
Dominica | Dominican Republic Dominican
60%
Egypt Egyptian
60%
Estonia Estonian
60%
Ethiopia Ethiopian
60%
Finland Finnish
60%
France French
60%
Georgia Georgian
60%
Germany German
60%
Greece Greek
60%
Guinea Guinean
60%
Hungary Hungarian/Magyar
60%
India Indian
60%
Iran Iranian/Persian
60%
Italy Italian
60%
Jamaica Jamaican
60%
Japan Japanese
60%
Kenya Kenyan
60%
Latvia Latvian/Lettish
60%
Liberia Liberian
60%
Lithuania Lithuanian
60%
Africa African
53%
Bahrain Bahraini
53%
Burundi Burundian
53%
Chile Chilean
53%
Czech Republic Czech
53%
Haiti Haitian
53%
Iceland Icelandic
53%
Indonesia Indonesian
53%
Iraq Iraqi
53%
Israel Israeli
53%
Jordan Jordanian
53%
Kazakhstan Kazakhstani/Kazakh
53%
North Korea | South Korea Korean
53%
Kosovo Kosovar/Kosovan
53%
Kuwait Kuwaiti
53%
Kyrgyzstan Kyrgyzstani/Kyrgyz/Kirgiz/Kirghiz
53%
Laos Lao/Laotian
53%
Lebanon Lebanese
53%
Libya Libyan
53%
North Macedonia Macedonian
53%
Malaysia Malaysian
53%
Mexico Mexican
53%
Federated States of Micronesia Micronesian
53%
Nepal Nepali/Nepalese
53%
Nicaragua Nicaraguan
53%
Nigeria Nigerian
53%
Niger Nigerien
53%
Oman Omani
53%
Pakistan Pakistani
53%
Peru Peruvian
53%
Portugal Portuguese
53%
Russia Russian
53%
North America | South America American
47%
Asia Asian
47%
Botswana Botswanan
47%
Costa Rica Costa Rica
47%
England English
47%
Eritrea Eritrean
47%
Europe European
47%
Fiji Fijian
47%
Gabon Gabonese
47%
Gambia Gambian
47%
Guatemala Guatemalan
47%
Luxembourg Luxembourg/Luxembourgish
47%
Moldova Moldovan
47%
Mongolia Mongolian
47%
Morocco Moroccan
47%
New Zealand New Zealand
47%
Paraguay Paraguayan
47%
Romania Romanian
47%
El Salvador Salvadorian
47%
Serbia Serbian
47%
Slovakia Slovak
47%
Slovenia Slovenian
47%
South Africa South African
47%
Spain Spanish
47%
Sweden Swedish
47%
Taiwan Taiwanese/Formosan
47%
Thailand Thai
47%
Barbados Barbadian
40%
United Kingdom British
40%
Myanmar Burmese/Myanma
40%
Chad Chadian
40%
Philippines Filipino/Philippine
40%
Grenada Grenadian
40%
Kiribati Kiribati
40%
Mali Malian/Malinese
40%
Malta Maltese
40%
Mauritania Mauritanian
40%
Montenegro Montenegrin
40%
Namibia Namibian
40%
Poland Polish
40%
Rwanda Rwandan
40%
Samoa Samoan
40%
Scotland Scot
40%
Senegal Senegalese
40%
Singapore Singapore/Singaporean
40%
Somalia Somali
40%
South Sudan South Sudanese
40%
Sudan Sudanese
40%
Switzerland Swiss
40%
Syria Syrian
40%
Tanzania Tanzanian
40%
Turkey Turkish
40%
Venezuela Venezuelan
40%
Vietnam Vietnamese
40%
Zambia Zambian
40%
Brunei Bruneian
33%
Cameroon Cameroonian
33%
Democratic Republic of the Congo | Republic of the Congo Congolese
33%
Cyprus Cypriot
33%
Djibouti Djiboutian
33%
Ecuador Ecuadorian
33%
Maldives Maldivian
33%
Mauritius Mauritian
33%
Norway Norwegian
33%
Oceania Oceanian
33%
Qatar Qatari
33%
Saudi Arabia Saudi/Saudi Arabian
33%
Sri Lanka Sri Lankan
33%
East Timor Timorese
33%
Tonga Tongan
33%
Uganda Ugandan
33%
Uruguay Uruguayan
33%
Uzbekistan Uzbekistani/Uzbek
33%
Vatican City Vatican
33%
Yemen Yemeni
33%
Azerbaijan Azeri
27%
Ghana Ghanaian
27%
Ivory Coast Ivorian
27%
Malawi Malawian
27%
Monaco Monégasque/Monacan
27%
Northern Ireland Northern Irish
27%
Palau Palauan
27%
Panama Panamanian
27%
Papua New Guinea Papua New Guinean/Papuan
27%
Tunisia Tunisian
27%
Ukraine Ukrainian
27%
Wales Welsh
27%
Zimbabwe Zimbabwean
27%
Benin Beninese
20%
Guyana Guyanese
20%
Latinoamerica Latinoamerican
20%
Saint Lucia Saint Lucian
20%
Suriname Surinamese
20%
Eswatini Swazi/Swati
20%
Tajikistan Tajikistani
20%
Turkmenistan Turkmen
20%
Antartica Antarctic
13%
Cape Verde Cape Verdean
13%
United Arab Emirates Emirati/Emirian/Emiri
13%
Equatorial Guinea Equatorial Guinean/Equaguinean
13%
Honduras Honduras
13%
Liechtenstein Liechtensteiner
13%
Nauru Nauruan
13%
Vanuatu Ni-Vanuatu/Vanuatuan
13%
Tuvalu Tuvaluan
13%
Belize Belizean
7%
Guinea-Bissau Bissau-Guinean
7%
Madagascar Malagasy/Madagascan
7%
Marshall Islands Marshallese
7%
Saint Vincent and the Grenadines Saint Vincentian/Vincentian
7%
Solomon Islands Solomon Island
7%
Togo Togolese
7%
Trinidad and Tobago Trinidadian/Tobagonian
7%
United States Yankee
7%
Bahamas Bahamanian
0%
Lesotho Basotho
0%
Burkina Faso Burkinabé
0%
Central African Republic Central African
0%
Comoros Comoran/Comorian
0%
Saint Kitts and Nevis Kittitian/Nevisian
0%
Mozambique Mozambican
0%
San Marino Sammarinese
0%
São Tomé and Príncipe São Toméan
0%
Seychelles Seychellois
0%
Sierra Leone Sierra Leonean
0%
No matching quizzes found
Score Distribution
Percent of People with Each Score
Percentile by Number Answered
Your Score History
You have not taken this quiz